Η Γλώσσα του Κινηματογράφου (Record no. 2096)
[ view plain ]
| 000 -LEADER | |
|---|---|
| fixed length control field | 01970cam a22001934a 4500 |
| 005 - ΗΜΕΡΟΜΗΝΙΑ ΚΑΙ ΩΡΑ ΤΕΛΕΥΤΑΙΑΣ ΕΝΗΜΕΡΩΣΗΣ | |
| Πεδίο ελέγχου | 20250605164030.0 |
| 008 - FIXED-LENGTH DATA ELEMENTS--GENERAL INFORMATION | |
| Πεδίο ελέγχου σταθερού μήκους | 250528s ||||||||||||||||||||||||d |
| 035 ## - SYSTEM CONTROL NUMBER | |
| System control number | 16617 |
| 040 ## - ΠΗΓΗ ΚΑΤΑΛΟΓΟΓΡΑΦΗΣΗΣ | |
| Φορέας πρωτότυπης καταλογογράφησης | MC Athens Campus Library |
| Γλώσσα καταλογογράφησης | Ελληνικά, Μοντέρνα (1453-) |
| Modifying agency | MC Athens Campus Library |
| Κανόνες περιγραφικής καταλογογράφησης | AACR2 |
| 245 1# - ΤΙΤΛΟΣ ΚΑΙ ΔΗΛΩΣΗ ΥΠΕΥΘΥΝΟΤΗΤΑΣ | |
| Τίτλος | Η Γλώσσα του Κινηματογράφου |
| 260 ## - PUBLICATION, DISTRIBUTION, ETC. | |
| Name of publisher, distributor, etc. | Κάλβος, |
| Date of publication, distribution, etc. | 1984 |
| 300 ## - PHYSICAL DESCRIPTION | |
| Extent | 376 |
| 505 0# - FORMATTED CONTENTS NOTE | |
| Formatted contents note | Εισαγωγή, Οι Βασικοί Χαρακτήρες της Κινηματογραφικής Εικόνας, Ο Δημιουργικός Ρόλος της Μηχανής Λήψης, Τηα Μη Ιδιαίτερα Κινηματογραφικά Στοιχεία, Οι Ελλείψεις, Οι Συνδέσεις, Μεταφορές και Σύμβολα, Τα Ηχητικά Φαινόμενα, Το Μοντάζ, Το Βάθος Πεδίου, Οι Δίάλογοι, Οι Δευτερεύουσες Αφηγηματικές Μέθοδοι, Ο Χώρος, Ο Χρόνος, Συμπεράσματα, Συμπλήρωμα, Ηποσημειώσεις, Γλωσσάριο, Λεζάντες Εικόνων, Βιβλιογραφία, Εικόνες. |
| 520 ## - SUMMARY, ETC. | |
| Summary, etc. | Εισαγωγή, Οι Βασικοί Χαρακτήρες της Κινηματογραφικής Εικόνας, Ο Δημιουργικός Ρόλος της Μηχανής Λήψης, Τηα Μη Ιδιαίτερα Κινηματογραφικά Στοιχεία, Οι Ελλείψεις, Οι Συνδέσεις, Μεταφορές και Σύμβολα, Τα Ηχητικά Φαινόμενα, Το Μοντάζ, Το Βάθος Πεδίου, Οι Δίάλογοι, Οι Δευτερεύουσες Αφηγηματικές Μέθοδοι, Ο Χώρος, Ο Χρόνος, Συμπεράσματα, Συμπλήρωμα, Ηποσημειώσεις, Γλωσσάριο, Λεζάντες Εικόνων, Βιβλιογραφία, Εικόνες. |
| 700 1# - ΠΡΟΣΘΕΤΗ ΑΝΑΓΡΑΦΗ--ΦΥΣΙΚΟ ΠΡΟΣΩΠΟ | |
| Personal name | Μαρτέν Μαρσέλ |
| 9 (RLIN) | 2701 |
| 942 ## - ADDED ENTRY ELEMENTS (KOHA) | |
| Koha item type | Books |
| Τύπος τεκμηρίου | Βιβλιοθήκη | Τρέχουσα τοποθεσία | Barcode | Αριθμός εισαγωγής | Ημερομηνία απόκτησης | Ταξιθετικό σύμβολο | Αριθμός αντιτύπου | Κατάσταση απόσυρσης | Κατάσταση χαμένου | Κατάσταση κατεστραμμένου | Μη δανεισμός | Σύνολο δανεισμών | Ημερομηνία τελευταίας εμφάνισης | Η τιμή ισχύει από |
|---|---|---|---|---|---|---|---|---|---|---|---|---|---|---|
| Books | MC Athens Campus Library | MC Athens Campus Library | 9780000020956 | 4803 | 05/06/2025 | 791.43 MAR | 1 | 05/06/2025 | 05/06/2025 |